A book on C : (Record no. 194328)
[ view plain ]
| 000 -LEADER | |
|---|---|
| fixed length control field | 01120 a2200229 4500 |
| 003 - CONTROL NUMBER IDENTIFIER | |
| control field | Nust |
| 005 - DATE AND TIME OF LATEST TRANSACTION | |
| control field | 20170207154121.0 |
| 010 ## - LIBRARY OF CONGRESS CONTROL NUMBER | |
| LC control number | 89029680 |
| 020 ## - INTERNATIONAL STANDARD BOOK NUMBER | |
| International Standard Book Number | 0805300600 |
| 040 ## - CATALOGING SOURCE | |
| Transcribing agency | Nust |
| 082 00 - DEWEY DECIMAL CLASSIFICATION NUMBER | |
| Classification number | 005.262 |
| 100 1# - MAIN ENTRY--PERSONAL NAME | |
| Personal name | Kelley, Al. |
| 245 12 - TITLE STATEMENT | |
| Title | A book on C : |
| Remainder of title | programming in C / |
| Statement of responsibility, etc. | Al Kelley and Ira Pohl. |
| 250 ## - EDITION STATEMENT | |
| Edition statement | 2nd ed. |
| 260 ## - PUBLICATION, DISTRIBUTION, ETC. | |
| Place of publication, distribution, etc. | Redwood City, Calif. : |
| Name of publisher, distributor, etc. | Benjamin/Cummings Pub. Co., |
| Date of publication, distribution, etc. | c1990. |
| 300 ## - PHYSICAL DESCRIPTION | |
| Extent | xv, 519 p. ; |
| Dimensions | 24 cm. |
| 490 0# - SERIES STATEMENT | |
| Series statement | The Benjamin/Cummings series in computer science |
| 505 ## - FORMATTED CONTENTS NOTE | |
| Formatted contents note | Starting from Zero (Page-1), An Overview of C (Page-3), Lexical Elements, Operators, and the C System (Page-57), The Fundamental Data Types (Page-85), Flow of Control (Page-117), Functions (Page-161), Arrays, Pointers, and Strings (Page-193), Bitwise Operators and Enumeration Types (Page-245), The Preprocessor (Page-269), Structures and Unions (Page-299), Structures and List Processing (Page-333), Input/output and the Operating System (Page-373), Advanced Applications(Page-425), |
| 538 ## - SYSTEM DETAILS NOTE | |
| System details note | Almirah No.125 Shelf No.3 |
| 650 #0 - SUBJECT ADDED ENTRY--TOPICAL TERM | |
| Topical term or geographic name entry element | C (Computer program language) |
| 700 1# - ADDED ENTRY--PERSONAL NAME | |
| Personal name | Pohl, Ira. |
| 942 ## - ADDED ENTRY ELEMENTS (KOHA) | |
| Source of classification or shelving scheme | |
| Koha item type | Book |
| Withdrawn status | Lost status | Source of classification or shelving scheme | Damaged status | Not for loan | Collection code | Permanent Location | Current Location | Date acquired | Total Checkouts | Full call number | Barcode | Date last seen | Price effective from | Koha item type |
|---|---|---|---|---|---|---|---|---|---|---|---|---|---|---|
| Military College of Signals (MCS) | Military College of Signals (MCS) | 12/12/2016 | 005.262 KEL | MCS2723 | 12/08/2016 | 12/12/2016 | Book | |||||||
| Military College of Signals (MCS) | Military College of Signals (MCS) | 12/12/2016 | 005.262 KEL | MCS2731 | 12/08/2016 | 12/12/2016 | Book | |||||||
| Military College of Signals (MCS) | Military College of Signals (MCS) | 12/12/2016 | 005.262 KEL | MCS2804 | 12/08/2016 | 12/12/2016 | Book |
